[Event "XIII Konik Morski Rewala - Open A"]
[Site "Rewal"]
[Date "2008.08.25"]
[Round "5"]
[White "Palosz, Andrzej"]
[Black "Lahiri, Atanu"]
[Result "0-1"]
[WhiteElo "2148"]
[BlackElo "2338"]
[PlyCount "64"]
[EventDate "2008.??.??"]

1. e4 e6 2. d4 d5 3. Nc3 Nc6 4. Nf3 Nf6 5. Bg5 Be7 6. Bxf6 Bxf6 7. e5 Be7 8.
Ne2 f6 9. Ng3 fxe5 10. dxe5 O-O 11. c3 Rxf3 12. Qxf3 Nxe5 13. Qd1 c6 14. Qc2
Bc5 15. O-O-O Ng4 16. Ne4 Bb6 17. h3 Qh4 18. hxg4 Qxh1 19. Bd3 Qh6+ 20. g5 Qh5
21. g4 Qxg4 22. Nf6+ gxf6 23. Bxh7+ Kf8 24. gxf6 e5 25. Rh1 Qf4+ 26. Kb1 Qxf6
27. f4 exf4 28. Qg2 Bf5+ 29. Ka1 Bxh7 30. Rxh7 Re8 31. Qh1 Qg6 32. Rxb7 Qg1+
0-1

[Event "XIII Konik Morski Rewala - Open A"]
[Site "Rewal"]
[Date "2008.08.25"]
[Round "5"]
[White "Michna, Christian"]
[Black "Hermanowicz, Dominika"]
[Result "1-0"]
[WhiteElo "2304"]
[BlackElo "2118"]
[PlyCount "41"]
[EventDate "2008.??.??"]

1. e4 c5 2. c3 d5 3. exd5 Qxd5 4. d4 Nf6 5. Nf3 Bg4 6. dxc5 Qxc5 7. Na3 Nbd7 8.
h3 Bh5 9. Be3 Qc7 10. g4 Bg6 11. g5 Ne4 12. Nb5 Qb8 13. Nh4 a6 14. Nxg6 hxg6
15. Qd5 Rh4 16. O-O-O Qc8 17. Rd4 axb5 18. Bxb5 Nd6 19. Bxd7+ Qxd7 20. Rxh4 e6
21. Qb3 1-0

[Event "XIII Konik Morski Rewala - Open A"]
[Site "Rewal"]
[Date "2008.08.25"]
[Round "5"]
[White "Malczyk, Radoslaw"]
[Black "Swicarz, Maciej"]
[Result "0-1"]
[WhiteElo "2094"]
[BlackElo "2284"]
[PlyCount "142"]
[EventDate "2008.??.??"]

1. d4 f5 2. Bg5 d6 3. e3 Nd7 4. Bd3 c6 5. c3 Qb6 6. Qb3 g6 7. Bc4 d5 8. Be2 e5
9. dxe5 Nxe5 10. Nd2 Be6 11. Ngf3 Nxf3+ 12. Nxf3 Bg7 13. Nd4 Bf7 14. Qxb6 axb6
15. O-O Nf6 16. h3 Kd7 17. Rfd1 Rhe8 18. Bf4 Ne4 19. f3 Nc5 20. Kf2 Bf6 21. Nb3
Na4 22. Rab1 Re7 23. Re1 Bh4+ 24. g3 Bf6 25. h4 Re6 26. Nd4 Ree8 27. Bf1 Nc5
28. a3 Rh8 29. Bg5 Bg7 30. h5 Be6 31. h6 Be5 32. Rbd1 Bf7 33. Bh3 Kc7 34. g4
fxg4 35. Bxg4 Rae8 36. Bf4 Rhf8 37. Bxe5+ Rxe5 38. f4 Re7 39. Bf3 Be8 40. b4
Na4 41. Rc1 b5 42. Rg1 Bd7 43. Rg3 Nb6 44. Be2 Nc8 45. Bd3 Nd6 46. Ra1 Ra8 47.
Rgg1 Rae8 48. Rae1 b6 49. Nf3 Ra8 50. Ra1 Bf5 51. Bxf5 Nxf5 52. Ne5 Nxh6 53.
Rh1 Nf5 54. Kf3 Nd6 55. Rh6 Rf8 56. Ke2 Ne4 57. Kd3 Ra8 58. Nf3 Kd6 59. f5 Nf2+
60. Kd2 Ng4 61. Rh4 Nxe3 62. fxg6 hxg6 63. Nd4 Nc4+ 64. Kd3 Rf8 65. Rh2 Re3+
66. Kc2 Rf6 67. a4 bxa4 68. Rxa4 Re1 69. Ra6 Rff1 70. Ne2 Rd1 71. Nd4 Rc1+ 0-1

[Event "XIII Konik Morski Rewala - Open A"]
[Site "Rewal"]
[Date "2008.08.25"]
[Round "5"]
[White "Szymanowska, Lena"]
[Black "Smirnov, Aleksander"]
[Result "0-1"]
[WhiteElo "1932"]
[BlackElo "2262"]
[PlyCount "113"]
[EventDate "2008.??.??"]

1. e4 c5 2. Nf3 Nc6 3. d3 g6 4. g3 Bg7 5. Bg2 e6 6. Nbd2 Nge7 7. O-O d5 8. Re1
Qc7 9. c3 b6 10. Qc2 Bb7 11. Nf1 Rd8 12. Bd2 O-O 13. h4 h6 14. N1h2 Ba6 15. Bf1
Qd7 16. e5 h5 17. Qc1 f6 18. exf6 Bxf6 19. Ng5 e5 20. Bh3 Nf5 21. Qd1 Rde8 22.
g4 Bxg5 23. gxf5 Bxh4 24. Bh6 Rxf5 25. Nf3 Bf6 26. Kh1 Kh7 27. Bd2 Bxd3 28. Bg5
Qf7 29. Bxf5 Bxf5 30. Qa4 Bg4 31. Re3 Rc8 32. Rg1 e4 33. Bxf6 Bxf3+ 34. Rxf3
exf3 35. Bh4 Qf5 36. Bg3 d4 37. cxd4 cxd4 38. Qd1 d3 39. Bh2 Nd4 40. Qd2 Ne2
41. Rg5 Qxg5 42. Qxg5 Rc1+ 43. Qxc1 Nxc1 44. Bf4 Ne2 45. Be3 Kg7 46. Kh2 Kf6
47. Kh3 g5 48. Bd2 Kf5 49. Be3 g4+ 50. Kh2 h4 51. a4 a6 52. b4 b5 53. axb5 axb5
54. Bd2 Ke4 55. Bg5 g3+ 56. fxg3 hxg3+ 57. Kh1 0-1

[Event "XIII Konik Morski Rewala - Open A"]
[Site "Rewal"]
[Date "2008.08.25"]
[Round "5"]
[White "Mazurkiewicz, Michal"]
[Black "Kucypera, Malgorzata"]
[Result "1/2-1/2"]
[WhiteElo "2239"]
[BlackElo "2081"]
[PlyCount "43"]
[EventDate "2008.??.??"]

1. e4 c5 2. Nc3 Nc6 3. f4 g6 4. Nf3 Bg7 5. Bc4 e6 6. O-O Nge7 7. e5 d6 8. exd6
Nf5 9. a3 Nxd6 10. Ba2 O-O 11. d3 b6 12. Qe1 Nd4 13. Nxd4 Bxd4+ 14. Kh1 Bb7 15.
Ne4 Bg7 16. c3 Qe7 17. Ng3 Qd7 18. Qf2 Rad8 19. Rd1 Qc6 20. Be3 h5 21. Nf1 Nf5
22. Rd2 1/2-1/2

[Event "XIII Konik Morski Rewala - Open A"]
[Site "Rewal"]
[Date "2008.08.25"]
[Round "5"]
[White "Andrzejewska, Anna"]
[Black "Sochacki, Christophe"]
[Result "1/2-1/2"]
[WhiteElo "1992"]
[BlackElo "2221"]
[PlyCount "73"]
[EventDate "2008.??.??"]

1. e4 e6 2. d4 d5 3. Nc3 Nf6 4. e5 Nfd7 5. f4 c5 6. Nf3 Nc6 7. Be3 cxd4 8. Nxd4
Bc5 9. Qd2 O-O 10. Be2 a6 11. O-O Nxd4 12. Bxd4 Qb6 13. Bxc5 Qxc5+ 14. Kh1 b5
15. Bd3 Bb7 16. Rf3 f5 17. exf6 Nxf6 18. Re1 Rac8 19. Re5 g6 20. a3 Rc7 21. Qe1
Rcf7 22. Rxe6 Qd4 23. f5 g5 24. Re7 Rxe7 25. Qxe7 Re8 26. Qxb7 Qxd3 27. h3 Re1+
28. Kh2 Qd4 29. Qb8+ Kg7 30. Qc7+ Kh6 31. Qd6 Kg7 32. Qc7+ Kh8 33. Qd8+ Kg7 34.
Qc7+ Kh6 35. Qd6 Kg7 36. Qc7+ Kh6 37. Qd6 1/2-1/2

[Event "XIII Konik Morski Rewala - Open A"]
[Site "Rewal"]
[Date "2008.08.25"]
[Round "5"]
[White "Dragun, Kamil"]
[Black "Baturo, Tomasz"]
[Result "1/2-1/2"]
[WhiteElo "2240"]
[BlackElo "2059"]
[PlyCount "75"]
[EventDate "2008.??.??"]

1. e4 e6 2. d4 d5 3. Nc3 Bb4 4. e5 b6 5. a3 Bf8 6. f4 a5 7. Nf3 Ba6 8. Bxa6
Nxa6 9. O-O Ne7 10. Kh1 h5 11. Qe2 Nf5 12. Nd1 Be7 13. Ne3 Nxe3 14. Bxe3 Qd7
15. c4 dxc4 16. Qxc4 O-O 17. Nd2 c5 18. dxc5 Bxc5 19. Bxc5 Nxc5 20. Rad1 Rfd8
21. Qe2 Qd3 22. Qxh5 Qc2 23. Qf3 Rac8 24. Qc3 Nd3 25. Qxc2 Rxc2 26. Ne4 Rxb2
27. Rf3 Rd4 28. h3 Rxe4 29. Rdxd3 Ree2 30. Rg3 g6 31. Kh2 b5 32. h4 Kf8 33.
Rd8+ Ke7 34. Ra8 a4 35. Ra7+ Kf8 36. Rb7 Rf2 37. Rb8+ Ke7 38. Rb7+ 1/2-1/2

[Event "XIII Konik Morski Rewala - Open A"]
[Site "Rewal"]
[Date "2008.08.25"]
[Round "5"]
[White "Czartoryski, Pawel"]
[Black "Janczarski, Michal"]
[Result "0-1"]
[WhiteElo "2089"]
[BlackElo "2238"]
[PlyCount "92"]
[EventDate "2008.??.??"]

1. d4 d5 2. c4 e6 3. Nc3 c6 4. Nf3 dxc4 5. a4 Bb4 6. e3 b5 7. Bd2 a5 8. axb5
Bxc3 9. Bxc3 cxb5 10. b3 Bb7 11. bxc4 b4 12. Bb2 Nf6 13. Bd3 O-O 14. O-O Ne4
15. Qc2 f5 16. Rfd1 Nd7 17. h3 Qc7 18. Ne1 Rfc8 19. f3 Nef6 20. c5 Qc6 21. Bc4
a4 22. Qxf5 Nd5 23. Qd3 Ba6 24. Nc2 Rcb8 25. Rdb1 Bxc4 26. Qxc4 b3 27. Na3 Nxe3
28. Qe2 Nd5 29. Re1 e5 30. dxe5 Qxc5+ 31. Kh1 Nf4 32. Qe4 Ne6 33. Rac1 Qf2 34.
Re2 Qg3 35. Rc4 Rd8 36. Bc3 Ndc5 37. Qe3 Rd3 38. Qg1 Nf4 39. Qe1 Rxf3 40. Rxf4
Rxc3 41. Rg4 Qd3 42. e6 Qd5 43. Qf2 Nxe6 44. Qb6 Rxh3+ 45. Kg1 Rh6 46. Nb5 Qc5+
0-1

[Event "XIII Konik Morski Rewala - Open A"]
[Site "Rewal"]
[Date "2008.08.25"]
[Round "5"]
[White "Verdaguer Muntanya, Marc"]
[Black "Demidowicz, Maria"]
[Result "1-0"]
[WhiteElo "2142"]
[BlackElo "2032"]
[PlyCount "101"]
[EventDate "2008.??.??"]

1. e4 c5 2. Nf3 d6 3. d4 cxd4 4. Nxd4 Nf6 5. f3 e5 6. Bb5+ Nbd7 7. Nf5 d5 8.
exd5 a6 9. Ba4 b5 10. Bb3 Nb6 11. Ne3 Bb7 12. Nc3 Bc5 13. O-O Nfxd5 14. Ncxd5
Nxd5 15. Bxd5 Bxd5 16. Kh1 Bxe3 17. Bxe3 O-O 18. Rf2 Qd6 19. Rd2 Rfd8 20. Qe1
Qe6 21. Rad1 Rd7 22. Qh4 f6 23. a4 Qc6 24. a5 Re8 25. Qb4 e4 26. Rxd5 Rxd5 27.
Qb3 Red8 28. fxe4 Qxc2 29. Qxc2 Rxd1+ 30. Bg1 Ra1 31. h4 Rdd1 32. Qc8+ Kf7 33.
Qxa6 Rxg1+ 34. Kh2 Rge1 35. Qxb5 Rxe4 36. Qd5+ Re6 37. b4 Ra3 38. Qc4 Rae3 39.
b5 R3e4 40. Qc7+ Re7 41. Qg3 Rb4 42. b6 Re5 43. Qc3 Reb5 44. a6 Rxb6 45. a7 Ra6
46. Qxb4 Rxa7 47. Qc4+ Kg6 48. h5+ Kh6 49. g4 g5 50. Qe6 Kg7 51. h6+ 1-0

[Event "XIII Konik Morski Rewala - Open A"]
[Site "Rewal"]
[Date "2008.08.25"]
[Round "5"]
[White "Siwiec, Arkadiusz"]
[Black "Knap, Jerzy"]
[Result "1-0"]
[WhiteElo "2096"]
[BlackElo "1974"]
[PlyCount "119"]
[EventDate "2008.??.??"]

1. e4 c6 2. d4 d5 3. Nc3 dxe4 4. Nxe4 Nf6 5. Nxf6+ exf6 6. Bc4 Bd6 7. Ne2 Nd7
8. O-O O-O 9. Ng3 Nb6 10. Bd3 Nd5 11. Ne4 Nf4 12. Nxd6 Qxd6 13. Be4 Ng6 14. Qd3
Be6 15. c4 Rfe8 16. b3 Rad8 17. Be3 Bc8 18. Qc2 Qe6 19. Bd3 Qg4 20. Be2 Qf5 21.
Bd3 Qg4 22. Be2 Qf5 23. Qxf5 Bxf5 24. Rfd1 Nf8 25. Bf3 Bc8 26. h4 Ng6 27. g3 h6
28. Rd2 Ne7 29. Rad1 Nf5 30. Bf4 g5 31. hxg5 hxg5 32. Bb8 a6 33. Bc7 Rd7 34.
Bb6 Rde7 35. Kh2 Nh6 36. d5 cxd5 37. cxd5 Bg4 38. Bxg4 Nxg4+ 39. Kg2 Rd7 40.
Rc1 Ne5 41. Rc7 Red8 42. Rxd7 Rxd7 43. d6 g4 44. Bc7 Nc6 45. Rc2 Nd4 46. Rc4
Nb5 47. Bb8 Rd8 48. a4 Nxd6 49. Rxg4+ Kf8 50. Rd4 Rxb8 51. Rxd6 Ke7 52. Rb6 f5
53. Kf3 Kd7 54. Kf4 Kc7 55. Rf6 Rd8 56. Rxf7+ Kb8 57. Kxf5 Rd3 58. g4 Rxb3 59.
g5 b5 60. g6 1-0

[Event "XIII Konik Morski Rewala - Open A"]
[Site "Rewal"]
[Date "2008.08.25"]
[Round "5"]
[White "Zierke, Oliver"]
[Black "Cagara, Paulina"]
[Result "1/2-1/2"]
[WhiteElo "2327"]
[BlackElo "2078"]
[PlyCount "142"]
[EventDate "2008.??.??"]

1. d4 f5 2. Nf3 Nf6 3. c4 g6 4. g3 Bg7 5. Bg2 O-O 6. O-O d6 7. Nc3 Qe8 8. b3 c6
9. Ba3 h6 10. Qd3 g5 11. e4 Qg6 12. e5 Ne4 13. Rae1 Nxc3 14. Qxc3 Na6 15. Qd3
Rd8 16. exd6 exd6 17. Re2 Bd7 18. Rfe1 Re8 19. Re7 Rad8 20. d5 c5 21. h3 Bf6
22. R7e2 Rxe2 23. Rxe2 Re8 24. Ne1 Rxe2 25. Qxe2 Qe8 26. Qd2 b5 27. Nd3 bxc4
28. bxc4 Qb8 29. Qc2 Kf7 30. Kh2 Qe8 31. Bf3 Kg7 32. Bb2 Qe7 33. Qb3 Bc8 34.
Bh5 Bxb2 35. Qxb2+ Qf6 36. Qb5 Qe7 37. a4 Nc7 38. Qb2+ Kh7 39. Qb8 Ba6 40. Nb2
f4 41. gxf4 gxf4 42. Qxa7 Bc8 43. Nd3 Nxd5 44. Qxe7+ Nxe7 45. Nxf4 Kg7 46. Kg3
Bd7 47. Bd1 Kf6 48. Nd3 Nf5+ 49. Kf4 Nd4 50. h4 Be6 51. Nb2 Nc6 52. Be2 Na5 53.
Ke4 Bf5+ 54. Kf4 Be6 55. Bd3 Nb3 56. Be4 Na5 57. Bd5 Bd7 58. Ke4 Bf5+ 59. Kf4
Bd7 60. Bg8 Kg7 61. Bd5 Kf6 62. Ke3 Ke5 63. f4+ Kf6 64. Ke4 Bf5+ 65. Kf3 Bd7
66. Bg8 Kg7 67. Bd5 Kf6 68. Ke3 Kf5 69. Kf3 Kf6 70. Be4 Nb3 71. Ke3 Na5 1/2-1/2

[Event "XIII Konik Morski Rewala - Open A"]
[Site "Rewal"]
[Date "2008.08.25"]
[Round "5"]
[White "Korosciel, Aneta"]
[Black "Czachor, Radoslaw"]
[Result "1-0"]
[WhiteElo "2067"]
[BlackElo "2127"]
[PlyCount "79"]
[EventDate "2008.??.??"]

1. e4 d5 2. exd5 Nf6 3. d4 Qxd5 4. Nc3 Qd8 5. Bc4 Bg4 6. f3 Bf5 7. Nge2 e6 8.
Ng3 Bg6 9. Bg5 Be7 10. Qd2 c6 11. Nce2 h6 12. Bxf6 Bxf6 13. Ne4 Be7 14. c3 Nd7
15. Nf4 Bf5 16. Ng3 Bh4 17. O-O-O Bxg3 18. hxg3 Nb6 19. Bb3 a5 20. a4 Nd5 21.
g4 Bh7 22. Nh5 Rg8 23. Rde1 Qb6 24. Bc2 Bxc2 25. Qxc2 O-O-O 26. Ng3 c5 27. dxc5
Qxc5 28. Rh5 Qc7 29. Ne2 Kb8 30. Nd4 Rc8 31. Nb5 Qf4+ 32. Kb1 Rgd8 33. Qf2 b6
34. Rxd5 Kb7 35. Rxd8 Rxd8 36. Nd4 e5 37. g3 Qg5 38. Nc2 Rd2 39. Qe3 Qd8 40.
Nd4 1-0

[Event "XIII Konik Morski Rewala - Open A"]
[Site "Rewal"]
[Date "2008.08.25"]
[Round "5"]
[White "Spicak, Krzysztof"]
[Black "Nicolo, Filippo"]
[Result "1-0"]
[WhiteElo "2011"]
[BlackElo "2125"]
[PlyCount "89"]
[EventDate "2008.??.??"]

1. d4 f5 2. e4 fxe4 3. Nc3 Nf6 4. Bg5 Nc6 5. d5 Ne5 6. Qd4 Nf7 7. Bxf6 exf6 8.
Nxe4 f5 9. Nc3 g6 10. O-O-O Bh6+ 11. f4 O-O 12. Nf3 a6 13. h4 b5 14. h5 Bg7 15.
Qf2 Qf6 16. hxg6 hxg6 17. Qh4 Qxh4 18. Nxh4 Nh8 19. Rd3 Rf6 20. g3 Bb7 21. Bg2
Re8 22. Kd2 Nf7 23. Re1 Rxe1 24. Kxe1 Rd6 25. Nd1 Kh7 26. c3 Bf6 27. Kf2 Rb6
28. Nf3 d6 29. Nd4 b4 30. c4 Nd8 31. b3 a5 32. Nb5 c5 33. dxc6 Bxc6 34. Bxc6
Nxc6 35. Rxd6 Be7 36. Rd7 Kh6 37. Kf3 Bc5 38. Nb2 Bf8 39. Na4 Rb8 40. Rc7 Ne7
41. Nd4 Ng8 42. Nc6 Re8 43. Ne5 Nf6 44. Ra7 Bd6 45. Nf7+ 1-0

[Event "XIII Konik Morski Rewala - Open A"]
[Site "Rewal"]
[Date "2008.08.25"]
[Round "5"]
[White "Kotermanska, Anna"]
[Black "Wnuk-lipinski, Pawel"]
[Result "1-0"]
[WhiteElo "1967"]
[BlackElo "1956"]
[PlyCount "123"]
[EventDate "2008.??.??"]

1. e4 c5 2. Nf3 Nc6 3. d4 cxd4 4. Nxd4 Nf6 5. Nc3 d6 6. Bg5 e5 7. Ndb5 a6 8.
Na3 b5 9. Bxf6 gxf6 10. Nd5 Bg7 11. Bd3 Be6 12. Qf3 f5 13. exf5 Bxd5 14. Qxd5
Ne7 15. Qf3 Bf6 16. O-O-O Rc8 17. Kb1 Qc7 18. c3 d5 19. Qh5 e4 20. Be2 Qe5 21.
Nc2 Rxc3 22. Nd4 Rc8 23. Rd2 e3 24. fxe3 Qe4+ 25. Bd3 Qxe3 26. Nb3 Rg8 27. Qd1
Qb6 28. Qe2 Kd7 29. g4 Rge8 30. Qf3 a5 31. h4 a4 32. Nc1 h6 33. Qf4 a3 34. bxa3
Rc4 35. Bxc4 bxc4+ 36. Kc2 c3 37. Rd3 Qb2+ 38. Kd1 c2+ 39. Kd2 Be5 40. Qa4+ Kd8
41. Re1 Bg3 42. Rxd5+ Nxd5 43. Rxe8+ Kc7 44. Qc4+ Kd7 45. Re4 Nc7 46. Qd4+
Qxd4+ 47. Rxd4+ Kc6 48. Kxc2 Bxh4 49. Nd3 Bf6 50. Rc4+ Kb6 51. Nb4 Bg5 52. Kd3
Nb5 53. a4 Nc7 54. Nc6 Nd5 55. Kd4 Ne3 56. a5+ Ka6 57. Rc5 Nxg4 58. Kc4 Ne3+
59. Kd3 Ng4 60. Kc4 Nf6 61. Rb5 Ne4 62. Rb6# 1-0

[Event "XIII Konik Morski Rewala - Open A"]
[Site "Rewal"]
[Date "2008.08.26"]
[Round "6"]
[White "Cyborowski, Lukasz"]
[Black "Koziak, Vitali"]
[Result "1/2-1/2"]
[WhiteElo "2546"]
[BlackElo "2489"]
[PlyCount "0"]
[EventDate "2008.??.??"]

1. Nf3 d5 2. d4 Nf6 3. c4 c6 4. Nc3 e6 5. Bg5 h6 6. Bxf6 Qxf6 7. e3 Nd7 8. Bd3
dxc4 9. Bxc4 g6 10. O-O Bg7 11. e4 e5 12. d5 Nb6 13. Be2 O-O 14. dxc6 bxc6 15.
Qc2 h5 16. Na4 1/2-1/2

[Event "XIII Konik Morski Rewala - Open A"]
[Site "Rewal"]
[Date "2008.08.26"]
[Round "6"]
[White "Orzech, Dominik"]
[Black "Wieczorek, Zbigniew"]
[Result "1-0"]
[WhiteElo "2472"]
[BlackElo "2317"]
[PlyCount "0"]
[EventDate "2008.??.??"]

1. d4 g6 2. Nf3 Bg7 3. e4 d6 4. Nc3 a6 5. a4 b6 6. Bc4 e6 7. O-O Ne7 8. Bf4 Nd7
9. Re1 h6 10. Qd2 Bb7 11. h4 e5 12. Be3 exd4 13. Bxd4 Ne5 14. Qf4 Nxf3+ 15.
Qxf3 O-O 16. Bf6 Kh7 17. Bxg7 Kxg7 18. Rad1 Nc6 19. Qg3 Ne5 20. Bb3 Qc8 21. Bd5
h5 22. Bxb7 Qxb7 23. Nd5 Qc6 24. c3 Ra7 25. b3 Qd7 26. Qg5 f6 27. Nxf6 Nf3+ 28.
gxf3 Rxf6 29. Rd3 Qf7 30. e5 Re6 31. Rde3 dxe5 32. Rxe5 Rxe5 33. Qxe5+ Kh7 34.
Kg2 c5 35. Qe6 b5 36. Qxf7+ Rxf7 37. a5 Rf6 38. Re7+ Kh6 39. Kg3 c4 40. bxc4
bxc4 41. Re5 Rc6 42. Kf4 Rd6 43. Rc5 Rd2 44. Rxc4 Rd5 45. Ra4 Rc5 46. c4 g5+
47. hxg5+ Rxg5 48. Ra1 Rc5 49. Rc1 Kg6 50. Ke4 Kf6 51. Kd4 Rxa5 52. c5 Ke7 53.
f4 Ra2 54. c6 Kd8 55. f3 Kc7 56. f5 Re2 57. f4 Re7 58. Kd5 h4 59. f6 Re8 60. f7
Rh8 1-0

[Event "XIII Konik Morski Rewala - Open A"]
[Site "Rewal"]
[Date "2008.08.26"]
[Round "6"]
[White "Nasuta, Grzegorz"]
[Black "Budrewicz, Krzysztof"]
[Result "0-1"]
[WhiteElo "1959"]
[BlackElo "2333"]
[PlyCount "0"]
[EventDate "2008.??.??"]

1. e4 d5 2. exd5 Nf6 3. Nf3 Nxd5 4. d4 g6 5. c4 Nb6 6. a4 Bg7 7. a5 N6d7 8. Nc3
O-O 9. Be2 e5 10. d5 Re8 11. O-O h6 12. Ne1 c6 13. Nc2 f5 14. f4 Qf6 15. Be3
Na6 16. Ra3 Bf8 17. Ra1 Nb4 18. Nxb4 Bxb4 19. fxe5 Nxe5 20. Bd4 Qe7 21. Bf3 Bd7
22. dxc6 Nxf3+ 23. Rxf3 bxc6 24. Qd2 Kh7 25. Kh1 c5 26. Be3 Bc6 27. Rh3 h5 28.
Bg5 Qe6 29. Qf2 Rab8 30. Rf1 Bxa5 31. Bc1 Bxc3 32. bxc3 Qe2 33. Qg1 Rb1 0-1

[Event "XIII Konik Morski Rewala - Open A"]
[Site "Rewal"]
[Date "2008.08.26"]
[Round "6"]
[White "Bronowicki, Mateusz"]
[Black "Sochacki, Wojtek"]
[Result "1/2-1/2"]
[WhiteElo "2326"]
[BlackElo "2239"]
[PlyCount "0"]
[EventDate "2008.??.??"]

1. c4 e6 2. g3 Nf6 3. Bg2 d5 4. Nf3 Be7 5. b3 O-O 6. O-O c5 7. cxd5 Nxd5 8. Bb2
Nc6 9. Qc1 b6 10. Rd1 Ba6 11. d3 1/2-1/2

[Event "XIII Konik Morski Rewala - Open A"]
[Site "Rewal"]
[Date "2008.08.26"]
[Round "6"]
[White "Swicarz, Maciej"]
[Black "Ni, Viktorija"]
[Result "1-0"]
[WhiteElo "2284"]
[BlackElo "2129"]
[PlyCount "49"]
[EventDate "2008.??.??"]

1. d4 Nf6 2. Nc3 d6 3. e4 g6 4. f3 Bg7 5. Be3 Nc6 6. Qd2 a6 7. O-O-O b5 8. Bh6
O-O 9. h4 e5 10. Nge2 Bxh6 11. Qxh6 exd4 12. Nxd4 Nxd4 13. Rxd4 c5 14. Rd1 b4
15. Nd5 Nxd5 16. Rxd5 Be6 17. h5 Ra7 18. Rd2 Qa5 19. Rxd6 Qxa2 20. hxg6 fxg6
21. Rxa6 Rff7 22. Rxa2 Rxa2 23. b3 Rfa7 24. Qh2 Rd7 25. Qb8+ 1-0

[Event "XIII Konik Morski Rewala - Open A"]
[Site "Rewal"]
[Date "2008.08.26"]
[Round "6"]
[White "Lahiri, Atanu"]
[Black "Brodowski, Piotr"]
[Result "1/2-1/2"]
[WhiteElo "2338"]
[BlackElo "2424"]
[PlyCount "26"]
[EventDate "2008.??.??"]

1. d4 c5 2. d5 d6 3. c4 e5 4. Nc3 f5 5. e4 Nf6 6. exf5 Bxf5 7. Nge2 Be7 8. Ng3
Bg6 9. Bd3 Bf7 10. O-O O-O 11. Qc2 Nbd7 12. Bd2 a6 13. a4 Kh8 1/2-1/2

[Event "XIII Konik Morski Rewala - Open A"]
[Site "Rewal"]
[Date "2008.08.26"]
[Round "6"]
[White "Chojnacki, Krzysztof"]
[Black "Meyer, Falko"]
[Result "1/2-1/2"]
[WhiteElo "2416"]
[BlackElo "2305"]
[PlyCount "90"]
[EventDate "2008.??.??"]

1. e4 c6 2. d4 d5 3. exd5 cxd5 4. c4 Nf6 5. Nc3 Nc6 6. Nf3 Bg4 7. cxd5 Nxd5 8.
Qb3 Bxf3 9. gxf3 e6 10. Qxb7 Nxd4 11. Bb5+ Nxb5 12. Qc6+ Ke7 13. Qxb5 Qd7 14.
Nxd5+ Qxd5 15. Bg5+ f6 16. Qxd5 exd5 17. Be3 Ke6 18. O-O Bb4 19. Rac1 Rac8 20.
Rxc8 Rxc8 21. a3 Bd6 22. Bxa7 Be5 23. Rb1 Rc2 24. b3 Bc3 25. Kf1 d4 26. b4 d3
27. Be3 Bb2 28. b5 d2 29. Rd1 Rc1 30. Ke2 Bxa3 31. Rxd2 Rb1 32. b6 Bc1 33. Rc2
Bxe3 34. Kxe3 Rxb6 35. Rc7 Rb4 36. Rxg7 Rh4 37. Rg2 Kf5 38. f4 Rxf4 39. f3 Ra4
40. Rb2 h5 41. Rb5+ Kg6 42. Kf2 Ra2+ 43. Kg3 h4+ 44. Kxh4 Rxh2+ 45. Kg4 Ra2
1/2-1/2

[Event "XIII Konik Morski Rewala - Open A"]
[Site "Rewal"]
[Date "2008.08.26"]
[Round "6"]
[White "Smirnov, Aleksander"]
[Black "Czerwonski, Aleksander"]
[Result "0-1"]
[WhiteElo "2262"]
[BlackElo "2414"]
[PlyCount "132"]
[EventDate "2008.??.??"]

1. e4 d6 2. d4 Nf6 3. Nc3 g6 4. g3 Bg7 5. Bg2 O-O 6. Nge2 e5 7. h3 exd4 8. Nxd4
Nc6 9. Be3 Bd7 10. O-O Nxd4 11. Bxd4 c5 12. Be3 Bc6 13. Re1 Re8 14. Qd3 Qb6 15.
b3 Qb4 16. a3 Qa5 17. b4 Qc7 18. b5 Bd7 19. Bf4 Re6 20. Rab1 Rae8 21. Red1 Qa5
22. Qc4 Qb6 23. a4 Bc8 24. g4 h6 25. Rd2 Qa5 26. b6 d5 27. Nxd5 Nxd5 28. Rxd5
Rxb6 29. Rxb6 axb6 30. Qb5 Qe1+ 31. Kh2 Rxe4 32. Bxe4 Qxf2+ 33. Bg2 Qxf4+ 34.
Kh1 Be6 35. Rd8+ Kh7 36. Qe2 Be5 37. Bd5 Bc7 38. Bxe6 Bxd8 39. Bd5 Bc7 40. c4
Kg7 41. Kg1 Be5 42. Qf3 Qc1+ 43. Kg2 f6 44. Be6 Kf8 45. Qd5 Qc2+ 46. Kf1 Qb1+
47. Ke2 Qa2+ 48. Kf1 Qa1+ 49. Ke2 Qxa4 50. Qd7 Qxd7 51. Bxd7 Ke7 52. Bc8 b5 53.
Bxb7 b4 54. Be4 f5 55. gxf5 g5 56. Bc2 Kf6 57. Kf3 h5 58. Kg2 Bd6 59. Kf3 g4+
60. hxg4 h4 61. Kg2 Kg5 62. Kh3 Be7 63. Bd1 Kf4 64. Kg2 Ke3 65. Bb3 Bg5 66. Ba2
Kd3 0-1

[Event "XIII Konik Morski Rewala - Open A"]
[Site "Rewal"]
[Date "2008.08.26"]
[Round "6"]
[White "Nester, Ihor"]
[Black "Michna, Christian"]
[Result "1-0"]
[WhiteElo "2385"]
[BlackElo "2304"]
[PlyCount "53"]
[EventDate "2008.??.??"]

1. Nf3 g6 2. c4 Bg7 3. d4 d6 4. g3 Nd7 5. Bg2 e5 6. Nc3 Ne7 7. O-O O-O 8. e4
exd4 9. Nxd4 Nc6 10. Nxc6 bxc6 11. Qc2 Ne5 12. c5 d5 13. exd5 Bf5 14. Qa4 Nd3
15. Qxc6 Rb8 16. Be3 Rxb2 17. Ne4 Nb4 18. Qa4 Nxd5 19. Rad1 Rb4 20. Qc6 Bxe4
21. Bxe4 Rxe4 22. Rxd5 Qe7 23. Rd7 Qe5 24. Rxc7 Rxe3 25. fxe3 Qxe3+ 26. Kh1 Bd4
27. Qd5 1-0

[Event "XIII Konik Morski Rewala - Open A"]
[Site "Rewal"]
[Date "2008.08.26"]
[Round "6"]
[White "Baumann, Dariusz"]
[Black "Mazurkiewicz, Michal"]
[Result "0-1"]
[WhiteElo "2069"]
[BlackElo "2239"]
[PlyCount "84"]
[EventDate "2008.??.??"]

1. d4 d6 2. e4 Nf6 3. f3 g6 4. c4 c5 5. d5 Bg7 6. Nc3 O-O 7. Be3 e6 8. Bd3 exd5
9. cxd5 Re8 10. Nge2 a6 11. a4 Qa5 12. O-O Nbd7 13. Nc1 b5 14. Nb3 Qc7 15. Be2
b4 16. Na2 Nb6 17. Rc1 Nxa4 18. Nd4 Nxb2 19. Qb3 Qb6 20. Nc6 Bb7 21. Rc2 Nxd5
22. Qxd5 b3 23. Qxd6 Qxc6 24. Qxc6 Bxc6 25. Rxc5 bxa2 26. Rxc6 Rec8 27. Rxc8+
Rxc8 28. Ra1 Rc2 29. Rxa2 Rxe2 30. Bf2 Rc2 31. g3 Rc6 32. Ra5 Bc3 33. Rd5 a5
34. Kf1 a4 35. Bc5 Rc8 36. Ke2 Ra8 37. Ba3 Bg7 38. e5 Nc4 39. Bc5 a3 40. Bd4 a2
41. Rc5 Bxe5 42. Rxc4 Bxd4 0-1

[Event "XIII Konik Morski Rewala - Open A"]
[Site "Rewal"]
[Date "2008.08.26"]
[Round "6"]
[White "Janczarski, Michal"]
[Black "Siwiec, Arkadiusz"]
[Result "1-0"]
[WhiteElo "2238"]
[BlackElo "2096"]
[PlyCount "57"]
[EventDate "2008.??.??"]

1. c4 e5 2. g3 g6 3. Bg2 Bg7 4. Nc3 Nc6 5. e3 Nge7 6. Nge2 d6 7. O-O h5 8. h4
Bg4 9. b4 Qd7 10. b5 Nd8 11. Re1 O-O 12. a4 Rb8 13. Bb2 Ne6 14. f3 Bf5 15. e4
Nc5 16. exf5 Nd3 17. f6 Bxf6 18. Rf1 Nxb2 19. Qb3 Nxc4 20. Qxc4 d5 21. Qb3 Bg7
22. Rfd1 d4 23. Ne4 d3 24. N2c3 Rbd8 25. Kh2 b6 26. Rac1 Kh8 27. Ng5 Nf5 28.
Bh3 Bh6 29. Nce4 1-0

[Event "XIII Konik Morski Rewala - Open A"]
[Site "Rewal"]
[Date "2008.08.26"]
[Round "6"]
[White "Sochacki, Christophe"]
[Black "Zadlo, Tomasz"]
[Result "1-0"]
[WhiteElo "2221"]
[BlackElo "2041"]
[PlyCount "65"]
[EventDate "2008.??.??"]

1. e4 c5 2. Nf3 d6 3. d4 cxd4 4. Nxd4 Nf6 5. Nc3 a6 6. Bg5 e6 7. f4 Qb6 8. Qd2
Qxb2 9. Rb1 Qa3 10. e5 h6 11. Bh4 dxe5 12. fxe5 Nfd7 13. Ne4 Qxa2 14. Rd1 Qd5
15. Qe3 Qxe5 16. Be2 Bc5 17. Bg3 Bxd4 18. Rxd4 Qa5+ 19. Rd2 O-O 20. Bd6 Nc6 21.
O-O Qb6 22. Qxb6 Nxb6 23. Bxf8 Kxf8 24. Nd6 f6 25. Rb1 Nd5 26. Nxc8 Rxc8 27.
Rxb7 a5 28. Bg4 Nf4 29. Rf2 Nd8 30. Rd7 e5 31. g3 Ng6 32. Rfd2 Nc6 33. Bf5 1-0

[Event "XIII Konik Morski Rewala - Open A"]
[Site "Rewal"]
[Date "2008.08.26"]
[Round "6"]
[White "Kucypera, Malgorzata"]
[Black "Szromba, Krzysztof"]
[Result "1-0"]
[WhiteElo "2081"]
[BlackElo "2186"]
[PlyCount "127"]
[EventDate "2008.??.??"]

1. e4 c5 2. Nf3 Nc6 3. d4 cxd4 4. Nxd4 Nf6 5. Nc3 e5 6. Ndb5 d6 7. Nd5 Nxd5 8.
exd5 Nb8 9. c4 a6 10. Qa4 Nd7 11. c5 Rb8 12. Nxd6+ Bxd6 13. cxd6 O-O 14. Qa3 b5
15. Bd2 Qh4 16. Qb4 Qf6 17. Bd3 Bb7 18. O-O Nb6 19. f4 exf4 20. Bxf4 Nxd5 21.
Qe4 Qg6 22. Qxg6 hxg6 23. a4 Rbd8 24. Be4 f5 25. Bxd5+ Bxd5 26. axb5 axb5 27.
Ra7 Rf7 28. Rc7 b4 29. Re1 Be4 30. Ra1 b3 31. Raa7 Bd5 32. h4 Be6 33. Re7 Rxe7
34. Rxe7 Bd5 35. Be5 Kf8 36. Bxg7+ Kg8 37. Be5 Kf8 38. Kf2 Bc6 39. Re6 Be8 40.
Ke3 Bf7 41. Re7 Re8 42. Bf6 Rxe7+ 43. Bxe7+ Ke8 44. Kd4 Kd7 45. Ke5 Kc6 46. g3
Kd7 47. Kf6 Be8 48. Bf8 Kd8 49. Ke6 Bd7+ 50. Kf7 Be8+ 51. Kf6 Kd7 52. Be7 Kc6
53. Ke6 Bd7+ 54. Kf7 f4 55. gxf4 Bf5 56. Kf6 Bd3 57. Kg5 Kd7 58. f5 gxf5 59. h5
Ke6 60. Kf4 Bb5 61. h6 Kf7 62. Kxf5 Bd7+ 63. Kg5 Bc8 64. Bf6 1-0